000 00585cam a22001577a 4500
008 180718b1978 xxu||||| |||| 00| 0 eng d
082 _aJ7x42 Un3t
100 _aCrousaz, Dione
245 _aTowards participation: a study of self-management in a neighbourhood community centre
_cby Dione Crousaz, Carolyn Davies and Andrea Weston
260 _aLondon
_bHer Majesty's Stationery Office
_c1978
300 _avii, 82p
440 _aResearch report; 3
650 _aCommunity centers --Great Britain --Management --Case studies.
700 _aWeston, Andrea
700 _aDavies, Carolyn
999 _c416698
_d416698